| 000 | 01491nam a22002537a 4500 | ||
|---|---|---|---|
| 003 | Uzh_bibl | ||
| 008 | 260427b |||||||| |||| 00| 0 ukr d | ||
| 020 |
_a5-333-01426-4 _c70.00 |
||
| 040 | _bукр. | ||
| 041 |
_2ukr _aukr |
||
| 080 | _a39 | ||
| 090 |
_a39 _bС 66 |
||
| 100 | _aСосенко, Ксенофонт | ||
| 245 |
_aРіздво-Коляда і Щедрий Вечір. _cХуд. оформлн. В. Ф. Яцун _hТекст |
||
| 260 |
_aКиїв _bУкраїнський письменник _c1994 |
||
| 300 |
_a286 с. _bІл. _fВ опр. |
||
| 520 | _aЦя книга, написана видатним вченим-етнографом і церковним діячем Ксенофонтом Сосенком, видана вперше у Львові 1928 року і відтоді більше не перевидавалась. Матеріал, яким оперує автор, відкриваючи праглибини українського народознавства, викликає нині особливий інтерес у читачів. | ||
| 521 | _aДля широкого кола читачів | ||
| 546 | _aукр. | ||
| 650 | _aЛітературно-художнє видання | ||
| 653 |
_aСтароукраїнське Різдво. _aСимволіка обрядів. _aКолядкові перекази. |
||
| 655 |
_aНародознавство _vКультурологічна оповідь |
||
| 942 |
_2udc _cBK |
||
| 999 |
_c17529 _d17529 |
||